Thunderbirds Are Go Vehicles - Statistics

General Stats
  • This quiz has been taken 179 times
  • The average score is 7 of 8
Answer Stats
Answer % Correct
Thunderbird 1 Scott Tracy
98%
Thunderbird 2 Virgil Tracy
98%
Thunderbird 3 Alan Tracy
96%
Thunderbird 4 Gordon Tracy
91%
Thunderbird 5 John Tracy
90%
FAB 1 Aloysius Parker
77%
FAB 1 Lady Penelope Creighton-Ward
77%
Thunderbird Shadow Tanusha 'Kayo' Kyrano
52%
No matching quizzes found
Score Distribution
Percent of People with Each Score
Percentile by Number Answered
Your Score History
You have not taken this quiz